| 000 | 01010aam a2200337 4500 | ||
|---|---|---|---|
| 005 | 20250820164150.0 | ||
| 008 | 150309b xxu||||| |||| 00| 0 spa d | ||
| 020 | _a978958762121 | ||
| 041 | _aESP | ||
| 082 | _a658.409.2 U76e | ||
| 100 | _aUribe Macías, Mario Enrique | ||
| 100 |
_aReinoso Lastra, Juan Fernando _962786 |
||
| 245 | _aEmprendimiento y empresarismo: diferencias, conceptos, cultura emprendedora, idea y proyecto de empresa | ||
| 260 | _aColombia | ||
| 260 | _bDe la U | ||
| 260 | _c2013 | ||
| 300 | _a126 páginas | ||
| 490 | _aDirección y Administración de empresas | ||
| 650 | _aLIDERAZGO EJECUTIVO | ||
| 650 | _aEMPRENDIMIENTO | ||
| 650 | _aEMPRENDEDURISMO | ||
| 650 | _aEMPRENDIMIENTO EMPRESARIAL | ||
| 650 | _aCULTURA EMPRENDEDORA | ||
| 650 | _aINNOVACIÓN | ||
| 650 | _aESTUDIOS DE CASO | ||
| 650 | _aCOMPETENCIAS EMPRENDEDORAS | ||
| 650 | _aECOSISTEMA EMPRENDEDOR | ||
| 650 | _aEMPODERAMIENTO | ||
| 650 | _aIDEA DE PROYECTO DE EMPRESA | ||
| 942 |
_cBK _2ddc |
||
| 999 |
_c3831 _d3831 |
||